000 00571nam a2200181Ia 4500
008 100920s9999 xx 000 0 und d
082 _b38785
_a24 थ 77
100 _aसहस्त्रबुध्दे नलिनी.
245 _aपालखी.
260 _bसोनसळे ऍन्ड कंपनी पब्लिशर्स, अमरावती.
_c1977
300 _a68
_bसाधी
365 _b5.5
520 _aसायो.
630 _aपालखी.
650 _aसायो.
730 _aपालखी.
942 _cBOOK
999 _c690732
_d690729